Helping your child to read

Bibliographic Details
Main Author: Ruttle, Kate and Yong, Annemarie
Format: Book
Published: UK : This edition Publisher2010
Series:Read at home handbook
Subjects:

MARC

LEADER 00000cam a2200000 7i4500
001 0000033898
005 20151222.0
008 0198387800
020 |a 0001157121 
090 0 0 |a JF   |b PR ENG 
100 1 |a Ruttle, Kate and Yong, Annemarie 
245 1 0 |a Helping your child to read   |c Kate Ruttle and Annemarie Yong 
260 |a UK :   |b This edition Publisher2010 
440 1 |a Read at home handbook 
500 |a Children ages 7-9 years old (orange) 
650 0 |a Helping families grow. 
650 0 |a Reading   |x Parentparticipation 
999 |a 0001158248   |b Book   |c Children Collection   |e Perbadanan Perpustakaan Awam Johor